书目信息 |
| 题名: |
王国维学术经典集
|
|
| 作者: | 干春松 , 孟彦弘 编 | |
| 分册: | 下卷 | |
| 出版信息: | 南昌 江西人民出版社 1997.05 |
|
| 页数: | 534页 | |
| 开本: | 20cm | |
| 丛书名: | ||
| 单 册: | ||
| 中图分类: | C52 | |
| 科图分类: | ||
| 主题词: | 社会科学--全集 , 社会科学--选集 | |
| 电子资源: | ||
| ISBN: | 7-210-01733-X | |
| 000 | 00601nam0 2200217 45 | |
| 001 | 0010040994 | |
| 005 | 20040507101214.6 | |
| 010 | @a7-210-01733-X@dCNY46.00 | |
| 100 | @a20001004d1997 km y0chiy0120 ea | |
| 101 | 0 | @achi |
| 105 | @a z 000yy | |
| 200 | 1 | @a王国维学术经典集@h下卷@f干春松,孟彦弘编@FGan Chun Song,Meng Yan Hong Bian |
| 210 | @a南昌@c江西人民出版社@d1997.05 | |
| 215 | @a534页@d20cm | |
| 606 | 0 | @a社会科学@x全集 |
| 606 | 0 | @a社会科学@x选集 |
| 690 | @aC52@v3 | |
| 701 | 0 | @a干春松@4编 |
| 701 | 0 | @a孟彦弘@4编 |
| 801 | @aCN@bTSTC@c20001004 | |
| 905 | @dC52@e103:2@f3@b291322-324 | |
| 王国维学术经典集.下卷/干春松,孟彦弘编.-南昌:江西人民出版社,1997.05 |
| 534页;20cm |
| ISBN 7-210-01733-X:CNY46.00 |
| ● |
| 相关链接 |
|
|
|
|
正题名:王国维学术经典集
索取号:C52/103:2
 
预约/预借
| 序号 | 登录号 | 条形码 | 馆藏地/架位号 | 状态 | 备注 |
| 1 | 0291322 | 002913226 | 第一借阅区/ [索取号:C52/103:2] | 在馆 | |
| 2 | 0291323 | 002913235 | 第一借阅区/ [索取号:C52/103:2] | 在馆 | |
| 3 | 0291324 | 002913244 | 第一样本阅览室/ [索取号:C52/103:2] | 在馆 |